[Event "Catalan Youth-ch 2020"]
[Site "Salou"]
[Date "2020.09.09"]
[Round "7.4"]
[White "Gonzalez Alonso, Marti"]
[Black "Garcia Escoda, Marc"]
[Result "0-1"]
[WhiteElo "1859"]
[BlackElo "2054"]
[Annotator "TA"]
[PlyCount "80"]
[EventDate "2020.09.07"]
[EventType "swiss"]
[EventCountry "ESP"]
[SourceTitle "playchess.com"]
[Source "ChessBase"]
[SourceQuality "1"]

{[%evp 19,80,0,-7,0,5,17,16,3,0,-21,-21,-37,-23,-42,-39,-35,-6,-12,0,-45,-22,-25,22,-38,-5,-38,-41,-60,-52,-60,-44,-44,-5,-119,-88,-107,-118,-185,-106,-108,0,-85,0,-67,0,0,17,0,-9,-11,0,-481,-460,-961,-936,-870,-691,-663,-347,-976,-725,-710,-651]} 1. e4 c5 2. c4 Nc6 3. Nc3 g6 4. g3 Bg7 5. Bg2 e6 6. d3 d6 7. Be3 Nge7 8. Nge2 Nd4 9. Qd2 O-O 10. O-O Rb8 11. Bh6 {A36: Symmetrical English vs ...g6: 4 Bg2 Bg7.} Bd7 12. Bxg7 Kxg7 {[#]} 13. Nxd4 $146 {The position is equal.} ({Predecessor:} 13. Qf4 e5 14. Qd2 a6 15. h3 Bxh3 16. Nxd4 Bxg2 17. Ne6+ fxe6 18. Kxg2 Ng8 19. Ne2 {0-1 (39) Luna Cortes,L (2219)-Hernandez,C (2352) Barcelona 2020}) 13... cxd4 14. Ne2 e5 15. a4 a5 16. f4 Nc6 17. f5 f6 18. g4 Qe7 19. h4 Nb4 20. Ng3 Rf7 21. b3 (21. Rf2 $11) 21... b6 22. Kh2 Rg8 23. Bh3 Na6 24. Rf3 Nc5 25. Rb1 gxf5 26. exf5 (26. Nxf5+ $11 {remains equal.} Bxf5 27. Rxf5) 26... Bc6 27. Rff1 Kh8 28. Qe2 (28. b4 $17 axb4 29. Rxb4) 28... Qb7 (28... e4 $19 29. dxe4 Qe5) 29. Rf2 $17 Re8 (29... e4 $17 30. dxe4 Bxe4) 30. g5 (30. Bg2 $11 {keeps the balance.}) 30... d5 (30... e4 $17 31. g6 Rg7) 31. g6 (31. cxd5 $11 Bxd5 32. Bg2) 31... Rfe7 ({Better is} 31... Rg7 $1 $15 32. h5 (32. Nh5 dxc4 33. dxc4 e4 $17) 32... Rgg8 33. cxd5 Bxd5) 32. Nh5 $11 Nd7 33. Rg1 dxc4 34. bxc4 e4 {[#] ...Qb8+ is the strong threat.} 35. Qb2 $2 {[%mdl 8192]} (35. Rg3 $1 $11) 35... Qc7+ 36. Rf4 (36. Rg3 $142 e3 37. Re2 hxg6 38. fxg6) 36... exd3 $19 {Hoping for ...Re2+.} 37. Qxd4 Re2+ 38. Rg2 Qe5 39. Rxe2 $2 {[#]} (39. g7+ Kg8 40. Qxd3) 39... Qxe2+ 40. Rf2 Qxh5 {Accuracy: White = 55%, Black = 54%.} 0-1

[Event "Catalan Youth-ch 2020"]
[Site "Salou"]
[Date "2020.09.09"]
[Round "7.4"]
[White "Aleksanyan Israilyan, Nicolas"]
[Black "Domene Mulyukov, Alexander"]
[Result "0-1"]
[WhiteElo "1808"]
[BlackElo "1931"]
[Annotator "TA"]
[PlyCount "56"]
[EventDate "2020.09.07"]
[EventType "swiss"]
[EventCountry "ESP"]
[SourceTitle "playchess.com"]
[Source "ChessBase"]
[SourceQuality "1"]

{[%evp 19,56,-191,-159,-146,-139,-176,-120,-217,-216,-204,-210,-255,-242,-189,-41,-301,-200,-242,-209,-188,-70,-91,-71,-397,156,155,190,174,276,265,254,248,295,141,433,-29994,-29987,-29986,-29987]} 1. e4 c5 2. Nf3 e6 3. c4 Nc6 4. d4 cxd4 5. Nxd4 Nf6 6. Nc3 Bb4 7. f3 d5 8. Nxc6 bxc6 9. cxd5 exd5 10. exd5 Nxd5 11. Bd2 {B44: Sicilian: Taimanov: 5 Nb5.} O-O 12. Nxd5 cxd5 (12... Re8+ $19 13. Be2 cxd5) 13. Bxb4 (13. Bd3 $17 {keeps fighting.}) 13... Qh4+ $19 14. g3 Qxb4+ 15. Qd2 Re8+ {[#]} 16. Be2 $146 ({Predecessor:} 16. Kd1 Qb6 17. Bd3 Bb7 18. Rc1 d4 19. Rf1 Re3 20. Rc4 Ba6 21. b3 Bxc4 22. Bxc4 Rae8 23. Rf2 d3 {0-1 (23) Abzirko,N (2067)-Gagarin,V (2397) Moscow 2000}) 16... Qe7 (16... Qc5 $19 {...Ba6 is the strong threat.} 17. Rc1 Qb6) 17. Kd1 $2 {[%mdl 8192] [#]} (17. Kf2 $1 $15) 17... Be6 18. Rc1 Rab8 19. b3 d4 (19... Qf6 $19 {Threatens to win with ...Rbc8.} 20. g4 Rbc8) 20. Bd3 $1 $15 Qa3 {aiming for ...Bd5.} 21. Rb1 $2 {[%mdl 8192]} (21. Re1 $17 {is a better chance.}) 21... Rxb3 $2 (21... Bd5 $19 22. Rf1 Re3) 22. Rxb3 $16 Bxb3+ 23. axb3 Re3 (23... Qxb3+ $142 24. Qc2 Qa3) 24. Bc4 $18 Qa1+ 25. Qc1 Qa2 {Black wants to play ...Rc3.} 26. Rf1 (26. Re1 $18 {and the rest is easy.} Rxe1+ 27. Kxe1 Qxh2 {[#]} 28. Qf4 $1 {[%mdl 576] Double Attack} Qg1+ 29. Kd2 Qf2+ 30. Kd3 Qe3+ 31. Qxe3 dxe3 32. Kxe3) 26... Rc3 $2 {[%mdl 8192]} (26... g6 $16 27. h3 h5) 27. Qf4 $4 {[%mdl 8192]} (27. Qd2 $18 Qa5 28. Re1 (28. Qxd4 Qa1+ 29. Ke2 Qb2+ 30. Qd2 Rc2 $17)) 27... Qb1+ 28. Ke2 Qc2+ {Accuracy: White = 27%, Black = 29%.} 0-1

[Event "Catalan Youth-ch 2020"]
[Site "Salou"]
[Date "2020.09.09"]
[Round "7.5"]
[White "Alcala Gonzalez, Cesar"]
[Black "Jurado Coderch, Heribert"]
[Result "1-0"]
[WhiteElo "2026"]
[BlackElo "1741"]
[Annotator "TA"]
[PlyCount "67"]
[EventDate "2020.09.07"]
[EventType "swiss"]
[EventCountry "ESP"]
[SourceTitle "playchess.com"]
[Source "ChessBase"]
[SourceQuality "1"]

{[%evp 26,67,0,0,6,7,53,12,58,45,106,102,206,196,198,143,146,118,108,87,605,216,431,418,435,385,608,595,566,584,580,439,962,945,873,784,1033,815,813,791,1311,1256,1316,1333]} 1. d4 d5 2. c4 c6 3. Nf3 Nf6 4. Nc3 e6 5. e3 Nbd7 6. Bd3 dxc4 7. Bxc4 b5 8. Bd3 a6 9. a4 b4 10. Ne4 c5 11. Nxf6+ Nxf6 12. dxc5 Bxc5 13. O-O Bb7 14. Qe2 Qe7 {D48: Semi-Slav: Meran System: 7...b5 8 Bd3 a6.} 15. e4 e5 16. Bg5 (16. Nh4 $5 {[%cal Rh4f5]} O-O 17. Bg5 $11) 16... O-O {The position is equal.} (16... h6 $5 {[%cal Rh6g5]} 17. Bh4 O-O $11) 17. Rac1 {[#]} Bb6 $146 {[#]} (17... Rfc8 $14) ({Predecessor:} 17... Rfc8 18. Nd2 h6 19. Bh4 a5 20. Nc4 Qe6 21. Qf3 Nd7 22. Ne3 Nb6 23. Nf5 Bf8 24. Bb5 g6 25. Ne3 {½-½ (25) Jaracz,P (2531)-Vlasak,L (2296) Pardubice 2013}) 18. Nh4 $1 $16 Bc8 (18... g6 $16) 19. Rc6 $18 Bd4 20. Bxf6 (20. Qf3 $18) 20... gxf6 $16 21. Rxc8 Rfxc8 22. Bxa6 Rc6 $2 {[%mdl 8192] This move loses the game for Black.} (22... Bxf2+ $16 23. Kh1 (23. Rxf2 $2 Rc1+ 24. Rf1 Qc5+ 25. Kh1 Rxf1+ 26. Qxf1 Rxa6 $19) (23. Qxf2 Rxa6 24. Kh1 Kh8 $17) 23... Bxh4 24. Bxc8 Bg5) 23. Qg4+ $2 (23. Nf5 Qf8 24. Bb7) 23... Kh8 $2 (23... Kf8) 24. Nf5 $18 {[%csl Gf5][%cal Rg4g7]} Qf8 25. Bb7 $1 {[%csl LRa8,LRc6][%mdl 64] [#] Double Attack} Rac8 (25... Bxf2+ $142 26. Kxf2 Rc2+ 27. Kf3 Rd8) 26. Bxc8 {White is clearly winning.} Rxc8 27. Qh4 Rc6 28. b3 Bb6 (28... Qg8 $142 29. Ne7 {[%mdl 64] Double Attack} Qe8) 29. Rd1 Bd4 30. h3 Bb6 31. Rd5 Bc5 32. Rd7 Bb6 33. Kh2 Re6 34. Nh6 {Accuracy: White = 62%, Black = 21%.} 1-0

[Event "Catalan Youth-ch 2020"]
[Site "Salou"]
[Date "2020.09.09"]
[Round "7.5"]
[White "Salinas Tomas, Daniel"]
[Black "Vila I Bague, Arnau"]
[Result "1-0"]
[WhiteElo "1979"]
[BlackElo "1543"]
[Annotator "TA"]
[PlyCount "105"]
[EventDate "2020.09.07"]
[EventType "swiss"]
[EventCountry "ESP"]
[SourceTitle "playchess.com"]
[Source "ChessBase"]
[SourceQuality "1"]

{[%evp 21,105,0,0,-12,-18,-31,-29,-36,-37,-37,-32,-38,-30,-68,-30,-30,-39,-43,-27,-47,0,-14,0,-15,0,0,0,0,0,0,63,65,76,40,91,55,112,32,137,120,112,113,171,153,171,169,251,260,248,254,317,340,361,366,551,539,528,446,438,424,433,422,547,544,538,519,538,531,710,697,997,997,977,977,897,859,799,734,1461,1293,2453,2196,2554,2380,6648,5210]} 1. d4 Nf6 2. c4 e6 3. Nf3 d5 4. g3 Be7 5. Bg2 O-O 6. O-O dxc4 7. Ne5 Nc6 8. Nxc6 bxc6 9. Nc3 Rb8 10. Bxc6 Bb7 11. Bxb7 Rxb7 12. e3 {E05: Open Catalan: 5 Nf3 Be7.} c5 13. dxc5 Bxc5 14. Qe2 {Black has an edge.} Qd3 {[#]} 15. Qxd3 $146 ({Predecessor:} 15. Rd1 Qxe2 16. Nxe2 Nd5 17. a3 h5 18. Nc3 Nxc3 19. bxc3 Rb3 20. Bd2 Bxa3 21. Be1 {0-1 (28) Barchfeld,M-Holzapfel,D (2279) Germany 2017}) 15... cxd3 16. Rd1 Rd8 17. b3 e5 18. Bb2 e4 19. Na4 Be7 20. Rac1 Nd7 21. f3 f5 (21... exf3 $6 22. Rxd3 Re8 23. Kf2 $16) 22. Rc4 Bg5 (22... exf3 23. Rxd3 Re8 24. Bc3 $14) 23. fxe4 Bxe3+ 24. Kg2 Nb6 25. Nxb6 Rxb6 (25... Bxb6 $11 26. e5 (26. exf5 Re7 $11) 26... Re7) 26. exf5 $14 Ra6 27. a3 (27. a4 $5 {[%cal Rc4c7]}) 27... Rb6 ({Black should try} 27... Bh6 $14) 28. b4 {Hoping for Kf3. White leaves nothing to chance now.} Rb7 ({Better is} 28... d2 $14) 29. a4 (29. Kf3 $16 Bb6 30. f6) 29... Bg5 (29... d2 $14) 30. Bd4 $16 d2 31. h4 Bh6 {[#]} (31... Bf6 $16 {keeps fighting.} 32. Bxf6 gxf6) 32. g4 $1 $36 {[%cal Rg4g5][%mdl 2048] g5 is the strong threat. White is really pushing.} Rbd7 33. Bf2 {Black must now prevent g5.} g6 (33... g5 {was called for.} 34. Be3 Re8) 34. g5 Bf8 35. f6 a6 36. b5 axb5 37. axb5 {[%cal Ba4b5,Bb5b6][%mdl 32]} Ba3 (37... h6 $142 38. b6 hxg5) 38. b6 {White is clearly winning.} Bc1 39. Kf1 Ra8 40. Rb4 Rb7 41. Ke2 Rd8 42. Be3 Re8 43. Kf3 Rd8 44. Ra4 Kf7 45. Ra7 Rxa7 46. bxa7 {[%mdl 4096] Endgame KRB-KRB} Ra8 47. Ke2 Ke6 48. Kd3 Kd5 49. Kc3 Ke4 50. Bb6 Kf3 51. Kd3 Kg4 52. Bc5 Rd8+ 53. Kc4 {Accuracy: White = 88%, Black = 40%.} 1-0

[Event "Catalan Youth-ch 2020"]
[Site "Salou"]
[Date "2020.09.09"]
[Round "7.6"]
[White "Martin Barcelo, Carles"]
[Black "Roca Planas, Edgar"]
[Result "1-0"]
[WhiteElo "2202"]
[BlackElo "2059"]
[Annotator "TA"]
[PlyCount "67"]
[EventDate "2020.09.07"]
[EventType "swiss"]
[EventCountry "ESP"]
[SourceTitle "playchess.com"]
[Source "ChessBase"]
[SourceQuality "1"]

{[%evp 14,67,22,36,58,58,59,51,59,62,75,46,43,51,95,104,129,128,137,128,156,141,142,127,127,117,143,135,130,130,147,152,173,147,328,320,474,465,475,475,473,477,626,612,695,484,751,758,746,689,759,682,770,741,739,731]} 1. e4 c6 2. d4 d5 3. exd5 cxd5 4. Bd3 g6 5. Nf3 Bg7 6. O-O Nf6 7. Bf4 Nc6 8. c3 Bf5 {B13: Caro-Kann: Exchange Variation and Panov-Botvinnik Attack.} 9. Bxf5 gxf5 10. Ne5 {[#]} Rc8 $146 {White is slightly better.} ({Predecessor:} 10... O-O 11. Nd2 Rc8 12. Re1 e6 13. Nxc6 Rxc6 14. Re3 Kh8 15. Rh3 Ng4 16. Nf1 Qb6 17. Qe2 Qa6 18. Qf3 Qb5 19. Rb1 {0-1 (32) Bogdanov,N (2271)-Harutjunyan,G (2487) Cheliabinsk 2018}) 11. Nd2 Ne4 12. Nd3 (12. Nxe4 {seems wilder.} fxe4 13. Qg4 Bxe5 14. dxe5 e6 15. Qg7) 12... e6 13. Re1 Nxd2 14. Bxd2 Kf8 15. Nf4 {Hoping for Rxe6!} Qb6 16. Rb1 h5 17. Nxh5 Bh6 18. Bxh6+ Rxh6 19. Nf4 Qd8 20. h3 Qd6 21. Qf3 Ne7 22. Qg3 {[#] Ng6+! is the strong threat.} Rc6 23. Qg5 Rh8 $2 {Loses the game.} (23... Ng8 $16 {was necessary.} 24. Nd3 Qe7) 24. Qf6 $1 $18 {[%csl LRe6,LRh8]} Rg8 (24... Kg8 $142 25. Re5 Rh7) 25. Rxe6 {White is clearly winning.} Qxe6 26. Nxe6+ Rxe6 27. Qh4 Re4 28. Qh6+ Ke8 29. Kf1 f4 (29... Rg6 $142 30. Qh8+ Rg8) 30. Qd6 f5 31. Re1 Rxe1+ 32. Kxe1 Rxg2 33. Qxf4 Rg1+ 34. Ke2 {Accuracy: White = 81%, Black = 46%.} 1-0

[Event "Catalan Youth-ch 2020"]
[Site "Salou"]
[Date "2020.09.09"]
[Round "7.6"]
[White "Iborra Polo, Eric"]
[Black "Muntal Corrales, Arnau"]
[Result "1-0"]
[WhiteElo "1640"]
[BlackElo "1812"]
[Annotator "NA RC"]
[PlyCount "77"]
[EventDate "2020.09.07"]
[EventType "swiss"]
[EventCountry "ESP"]
[SourceTitle "playchess.com"]
[Source "ChessBase"]
[SourceQuality "1"]
[TimeControl "5400+30"]

{[%evp 8,76,51,46,54,18,55,49,85,79,101,54,181,95,95,89,108,89,85,77,86,93,218,154,215,190,323,388,336,238,345,239,189,0,217,200,286,264,272,282,281,307,324,270,301,249,240,259,329,353,380,348,356,357,411,479,443,508,468,32767,32767,32767,32767,32767,32767,32767,32767,962,1581,1809,2312]} 1. e4 {[%emt 0:00:00]} c5 {[%emt 0:00:00]} 2. Nf3 {[%emt 0:00:08]} e6 {[%emt 0:00:00]} 3. g3 {[%emt 0:00:51]} a6 {[%emt 0:01:23]} 4. Bg2 {[%emt 0:01:34]} b5 {[%emt 0:01:01]} 5. O-O {[%emt 0:03:16]} Bb7 {[%emt 0:01:28]} 6. Qe2 {[%emt 0:01:03] B40: Sicilian: 2...e6, Unusual lines.} d5 {[%emt 0:03:46] Recently 6...Nf6 got a lot of attention.} 7. exd5 {[%emt 0:07:24]} Bxd5 {[%emt 0:02:02]} 8. Nc3 {[%emt 0:01:15]} Bb7 {[%emt 0:03:22] [#]} 9. d4 $146 {[%emt 0:03:48]} ({Predecessor:} 9. a4 bxa4 10. Ne4 Nd7 11. d3 Ngf6 12. Bg5 Be7 13. Bxf6 gxf6 14. Nfd2 O-O 15. Rxa4 {1-0 (50) Finkel,A (2476)-Kantsler,B (2433) Israel 2011}) 9... Be7 {[%emt 0:14:49]} (9... cxd4 $16 10. Rd1 Nd7) 10. Ne5 {[%emt 0:09:44]} (10. dxc5 $18 Bxc5 11. Ne4) 10... Bxg2 {[%emt 0:04:35]} 11. Kxg2 {[%emt 0:00:16]} Nf6 {[%emt 0:06:16]} 12. Qf3 {[%emt 0:01:58]} Ra7 {[%emt 0:01:31]} 13. dxc5 {[%emt 0:02:56]} O-O {[%emt 0:03:23]} 14. Be3 {[%emt 0:03:09]} Rc7 {[%emt 0:05:42]} (14... Qc7 $16) 15. Rfd1 {[%emt 0:01:56]} Qc8 {[%emt 0:01:45]} (15... Nfd7 $16) 16. b4 {[%emt 0:01:25]} Nc6 {[%emt 0:02:43]} (16... Nfd7 $142) 17. Nxc6 {[%emt 0:01:26]} Rxc6 {[%emt 0:00:13]} 18. a3 {[%emt 0:01:56]} h6 {[%emt 0:07:48]} (18... Nd7 {keeps fighting.} 19. Bd4 Rd8) 19. Bf4 {[%emt 0:04:19]} Re8 {[%emt 0:01:51]} 20. Rd3 $2 {[%emt 0:05:00]} (20. Re1 $18) 20... Qa8 $2 {[%emt 0:07:39]} (20... e5 $11 {and Black is okay.}) 21. Rad1 {[%emt 0:06:40]} Rec8 {[%emt 0:01:32]} (21... g5 {keeps fighting.}) 22. Bd6 {[%emt 0:02:28]} Bxd6 {[%emt 0:05:42]} 23. Rxd6 {[%emt 0:00:25]} Kf8 {[%emt 0:02:26]} 24. Rxc6 {[%emt 0:03:27]} Qxc6 {[%emt 0:01:26]} 25. Rd6 {[%emt 0:01:28]} Qa8 {[%emt 0:03:32]} 26. Qxa8 {[%emt 0:01:03]} Rxa8 {[%emt 0:00:06]} 27. Rb6 {[%emt 0:04:26]} Ke8 {[%emt 0:04:29]} 28. Rb7 {[%emt 0:01:48]} Rc8 {[%emt 0:02:42]} 29. Ra7 {[%emt 0:01:28]} Rc6 {[%emt 0:01:02]} 30. Kf3 {[%emt 0:01:05]} g5 {[%emt 0:02:03]} 31. Ne4 {[%emt 0:01:03]} g4+ {[%emt 0:03:02]} 32. Ke3 {[%emt 0:00:25]} Nd5+ {[%emt 0:00:23]} 33. Kd4 {[%emt 0:00:33]} f5 {[%emt 0:01:20]} 34. Nd6+ {[%emt 0:00:44]} Kf8 {[%emt 0:01:03]} 35. Ke5 {[%emt 0:00:42]} Nc7 {[%emt 0:01:37]} 36. Kf6 {[%emt 0:01:08]} h5 {[%emt 0:01:04]} 37. c3 {[%emt 0:00:29]} Nd5+ $18 {[%emt 0:01:54]} 38. Kxe6 {[%emt 0:00:21]} Rc7 {[%emt 0:00:33]} 39. Ra8+ {[%emt 0:00:51]} 1-0

[Event "Catalan Youth-ch 2020"]
[Site "Salou"]
[Date "2020.09.09"]
[Round "7.7"]
[White "Castillo Dalmau, Arnau"]
[Black "Moya Nunez, Pau Salvador"]
[Result "1-0"]
[WhiteElo "2018"]
[BlackElo "1990"]
[Annotator "TA"]
[PlyCount "67"]
[EventDate "2020.09.07"]
[EventType "swiss"]
[EventCountry "ESP"]
[SourceTitle "playchess.com"]
[Source "ChessBase"]
[SourceQuality "1"]

{[%evp 9,67,15,21,19,13,12,14,20,14,20,28,15,17,12,8,5,20,8,28,18,12,22,14,21,23,-20,137,32,86,94,88,32,219,100,358,146,162,138,315,305,357,350,344,350,485,487,449,476,447,190,269,273,667,655,658,659,657,640,687,596]} 1. c4 e5 2. g3 Nc6 3. Bg2 Bc5 4. Nc3 a6 5. a3 d6 6. e3 {A25: English Opening vs King's Indian with ...Nc6 but without early d3.} Nge7 7. Nge2 Ba7 8. O-O {The position is equal.} O-O 9. b4 Rb8 10. d3 Be6 11. Nd5 Qd7 12. Bb2 {[#]} Ng6 $146 ({Predecessor:} 12... b5 13. Qc2 f5 14. Rac1 bxc4 15. dxc4 Ng6 16. Qa4 Nd4 17. Qd1 Nxe2+ 18. Qxe2 Qf7 {0-1 (40) Shetty,A (2313)-Hughes,J (2200) Philadelphia 2014}) 13. Qd2 Nd8 14. e4 f5 15. exf5 Bxf5 16. d4 Nf7 17. Rad1 exd4 $2 {[#]} (17... Bh3 $11) 18. Nxd4 (18. Bxd4 $16 Bxd4 19. Nxd4 (19. Qxd4 Rbe8 $14)) 18... Nfe5 (18... Bh3 $1 $14) 19. Nxf5 $16 Rxf5 20. c5 (20. Bxe5 $16 Rxe5 21. c5) 20... Rff8 $2 ({Black should play} 20... Nf3+ $1 $14 21. Bxf3 Rxf3) 21. Ne3 (21. Qc3 $18 {has better winning chances.}) 21... Rfd8 $2 {[%mdl 8192]} (21... Nf3+ $16 22. Bxf3 Rxf3) 22. cxd6 (22. Qc3 $18 {is more deadly.}) 22... cxd6 23. Qd5+ Kf8 $2 (23... Kh8 $16 24. Nc4 Nxc4 25. Qxc4 Qe7) 24. Nc4 $18 Qf7 25. Nxd6 {[%mdl 64] [#] Double Attack} (25. Bxe5 Nxe5 26. Nxe5 (26. Nxd6 Qf6 $16) 26... Qxd5 $16) 25... Qxd5 26. Rxd5 Ne7 27. Bxe5 Nxd5 28. Bxd5 Rd7 29. Bxb7 (29. Bf3 $142) 29... Re7 (29... Rbd8 $142 30. Bxa6 Rxd6) 30. Bf4 ({Not} 30. Bxa6 Rxe5 31. Nc4 Re2 $14) 30... a5 $2 (30... Rbxb7 31. Nxb7 Rxb7) 31. bxa5 {White is clearly winning.} Rbxb7 32. Nxb7 Rxb7 33. Rc1 Bd4 34. Rc8+ {Accuracy: White = 65%, Black = 42%.} 1-0

[Event "Catalan Youth-ch 2020"]
[Site "Salou"]
[Date "2020.09.09"]
[Round "7.7"]
[White "Sanchez Vacova, Alejandro"]
[Black "Mompel Ferruz, Xavier"]
[Result "1-0"]
[WhiteElo "1149"]
[BlackElo "1505"]
[Annotator "NA RC"]
[PlyCount "133"]
[EventDate "2020.09.07"]
[EventType "swiss"]
[EventCountry "ESP"]
[SourceTitle "playchess.com"]
[Source "ChessBase"]
[SourceQuality "1"]
[TimeControl "5400+30"]

1. e4 {[%emt 0:00:00]} c5 {[%emt 0:00:00]} 2. Nf3 {[%emt 0:00:00]} d6 {[%emt 0:00:14]} 3. c4 {[%emt 0:00:41]} Nf6 {[%emt 0:06:12]} 4. Nc3 {[%emt 0:01:26]} Bg4 {[%emt 0:07:33]} 5. Be2 {[%emt 0:04:56]} Bxf3 {[%emt 0:00:00]} 6. Bxf3 {[%emt 0:00:29]} Nc6 {[%emt 0:01:31]} 7. d3 {[%emt 0:03:20]} h6 {[%emt 0:05:17]} 8. Be3 {[%emt 0:02:19]} e5 {[%emt 0:08:08]} 9. a3 {[%emt 0:08:27]} Be7 {[%emt 0:03:03]} 10. Nd5 {[%emt 0:03:30]} O-O {[%emt 0:01:46]} 11. Nxf6+ {[%emt 0:00:05]} Bxf6 {[%emt 0:00:42]} 12. O-O {[%emt 0:02:51]} Nd4 {[%emt 0:01:06]} 13. Bxd4 {[%emt 0:02:12]} cxd4 {[%emt 0:01:12]} 14. b4 {[%emt 0:01:05]} Bg5 {[%emt 0:04:00]} 15. g3 {[%emt 0:02:12]} f5 {[%emt 0:02:15]} 16. exf5 {[%emt 0:00:11]} Rxf5 {[%emt 0:00:13]} 17. Bd5+ {[%emt 0:00:28]} Kh8 {[%emt 0:01:23]} 18. Qg4 {[%emt 0:05:10]} g6 {[%emt 0:01:28]} 19. Be4 {[%emt 0:01:25]} h5 {[%emt 0:04:01]} 20. Qe2 {[%emt 0:03:30]} Rf6 21. Bxb7 {[%emt 0:01:02]} Rb8 {[%emt 0:03:13]} 22. Be4 Qe7 {[%emt 0:02:43]} 23. Bg2 {[%emt 0:08:46]} Qf8 {[%emt 0:01:29]} 24. b5 {[%emt 0:09:18]} h4 {[%emt 0:02:32]} 25. a4 {[%emt 0:01:32]} hxg3 {[%emt 0:01:01]} 26. fxg3 {[%emt 0:03:31]} Be3+ {[%emt 0:15:58]} 27. Kh1 {[%emt 0:01:06]} Kg7 {[%emt 0:00:58]} 28. Rxf6 {[%emt 0:00:19]} Qxf6 {[%emt 0:00:07]} 29. Rf1 {[%emt 0:04:53]} Qe7 {[%emt 0:04:40]} 30. Bd5 {[%emt 0:00:00]} Rf8 {[%emt 0:00:10]} 31. Rxf8 {[%emt 0:00:00]} Qxf8 32. Qf3 {[%emt 0:02:09]} Qxf3+ {[%emt 0:03:03]} 33. Bxf3 {[%emt 0:00:29]} Bd2 {[%emt 0:00:15]} 34. Kg2 {[%emt 0:00:37]} g5 {[%emt 0:00:25]} 35. g4 {[%emt 0:00:12]} Kf6 {[%emt 0:00:13]} 36. Bd5 {[%emt 0:00:46]} Ke7 {[%emt 0:00:51]} 37. Kf3 {[%emt 0:01:03]} Kf6 {[%emt 0:01:39]} 38. Ke4 {[%emt 0:01:26]} Bb4 {[%emt 0:00:13]} 39. Bg8 {[%emt 0:04:14]} Kg7 {[%emt 0:04:52]} 40. Be6 {[%emt 0:02:36]} Kf6 {[%emt 0:02:34]} 41. Bf5 {[%emt 0:00:00]} Bc5 42. Kd5 {[%emt 0:00:40]} Ke7 {[%emt 0:01:18]} 43. Kc6 {[%emt 0:00:34]} Kd8 {[%emt 0:00:17]} 44. a5 {[%emt 0:04:34]} e4 {[%emt 0:04:50]} 45. Bxe4 {[%emt 0:01:23]} Kc8 {[%emt 0:01:11]} 46. b6 {[%emt 0:03:16]} axb6 {[%emt 0:00:30]} 47. axb6 {[%emt 0:00:00]} Ba3 48. h4 {[%emt 0:02:01]} Bc1 {[%emt 0:03:55]} 49. h5 {[%emt 0:00:00]} Bf4 {[%emt 0:00:35]} 50. h6 {[%emt 0:00:23]} Be5 {[%emt 0:00:00]} 51. h7 {[%emt 0:00:00]} Kb8 {[%emt 0:00:00]} 52. h8=Q+ Bxh8 53. Kxd6 {[%emt 0:00:52]} Bg7 {[%emt 0:00:54]} 54. b7 {[%emt 0:02:14]} Bf6 {[%emt 0:02:40]} 55. c5 {[%emt 0:00:35]} Bd8 {[%emt 0:00:58]} 56. Ke5 {[%emt 0:00:32]} Be7 {[%emt 0:00:33]} 57. Kxd4 {[%emt 0:00:36]} Kc7 {[%emt 0:00:25]} 58. Kc4 {[%emt 0:00:43]} Bf8 {[%emt 0:00:50]} 59. d4 {[%emt 0:00:52]} Bg7 {[%emt 0:00:56]} 60. c6 {[%emt 0:00:18]} Bf6 {[%emt 0:00:29]} 61. d5 {[%emt 0:00:27]} Bg7 {[%emt 0:00:18]} 62. b8=Q+ Kxb8 63. d6 {[%emt 0:00:00]} Kc8 64. c7 {[%emt 0:00:18]} Be5 {[%emt 0:00:57]} 65. Bf5+ {[%emt 0:00:00]} Kb7 {[%emt 0:00:41]} 66. c8=Q+ Ka7 {[%emt 0:01:04]} 67. Qc7+ {[%emt 0:00:55]} 1-0